Highest Goalscorers in the Champions League From Brazil - Statistics

General Stats
  • This quiz has been taken 208 times
  • The average score is 17 of 23
Answer Stats
# Goals Apps. Years Main Team(s) Answer % Correct
1 43 81 2013- Paris Saint-Germain, Barcelona Neymar
99%
2 30 86 2003-2014 AC Milan, Real Madrid Kaká
97%
6 22 57 2017- Liverpool Roberto Firmino
96%
3 27 73 1997-2007 Barcelona, Olympiakos Rivaldo
95%
17 14 40 1998-'99, 2002-'07 Real Madrid, Inter Milan Ronaldo
93%
18 14 44 2018- Real Madrid Vinícius Júnior
93%
10 18 47 2004-'08, 2009-'11 Barcelona, AC Milan Ronaldinho
92%
9 20 38 2017-2022 Manchester City Gabriel Jesus
90%
14 15 37 2019- Real Madrid Rodrygo
88%
13 17 50 2008-'10, 2011-'16 Zenit St. Petersburg, FC Porto Hulk
85%
22 12 48 2010-'12, 2014-'15, 2017-'22 Liverpool, Barcelona Philippe Coutinho
83%
8 20 32 1988-1995 PSV Eindhoven, Barcelona Romário
82%
11 18 59 2001-2009 Olympique Lyon Juninho Pernambucano
80%
12 18 71 2007-'09, 2010-'16, 2017-'20 Chelsea, Shakhtar Donetsk Willian
78%
7 21 47 2008-'15, 2017-'18 Shakhtar Dontesk, Spartak Moscow Luiz Adriano
72%
15 15 120 1997-2009 Real Madrid, Fenerbahçe Roberto Carlos
72%
16 14 27 2004-'07, 2008-'09, 2010-'11 Inter Milan, AS Roma Adriano
70%
23 12 111 2007-2019 Barcelona, Juventus Dani Alves
61%
5 24 69 1997-2004 Bayern Munich, Olympique Lyon Giovane Élber
60%
4 25 46 1996-2001 FC Porto, Galatasaray Mario Jardel
49%
19 13 29 1997-'99, 2000-'03 Olympique Lyon, Barcelona Sonny Anderson
31%
21 12 41 1997-2005 Olympiakos, Barcelona Giovanni
22%
20 12 36 1999-2002 Bayern Munich Paulo Sérgio
17%
No matching quizzes found
Score Distribution
Percent of People with Each Score
Percentile by Number Answered
Your Score History
You have not taken this quiz